000
00260nam a22001097a 4500
082
_a
621.824 GRO'C
100
_a
GROSS, S
_9
80084
245
_a
CALCULATION AND DESIGN OF METEL SPRINGS
260
_a
LONDON
_b
CHAPMAN & HALL
_c
1966
300
_a
222P
942
_c
BK
999
_c
585170
_d
585170